Jahreszeiten : Roman aus Vermont /
I tiakina i:
| Kaituhi matua: | |
|---|---|
| Hōputu: | Pukapuka |
| Reo: | German |
| I whakaputaina: |
Hamburgo, Alemania :
Rowohlt,
1979, c1979
|
| Rangatū: | (Rororo ; Nue Frau)
4313. |
| Ngā marau: | |
| Ngā Tūtohu: |
Kāore He Tūtohu, Me noho koe te mea tuatahi ki te tūtohu i tēnei pūkete!
|
MARC
| LEADER | 00000nam^a2200000^a^4500 | ||
|---|---|---|---|
| 001 | 000190920 | ||
| 005 | 20250521000000.0 | ||
| 009 | 20260310102507.055 | ||
| 020 | |a 3-499-14313-5 | ||
| 025 | |a Donación Lourdes Sierra, 1 ejemplar | ||
| 037 | |a Acervo ITESO - Biblioteca | ||
| 041 | |a ALE | ||
| 082 | |a 813. |b COH | ||
| 100 | |a Cohen, Judith Beth |e (autor) | ||
| 245 | 1 | 0 | |a Jahreszeiten : |b Roman aus Vermont / |c J.B. Cohen ; tr. por Irmela Brender. |
| 264 | 4 | |a Hamburgo, Alemania : |b Rowohlt, |c 1979, c1979 | |
| 300 | |a 217 p. | ||
| 336 | |a texto |b txt |2 rdacontenido | ||
| 337 | |a sin mediación |b n |2 rdamedio | ||
| 338 | |a volumen |b nc |2 rdasoporte | ||
| 440 | 1 | |a (Rororo ; |v 4313. |p Nue Frau) | |
| 649 | |a XX | ||
| 650 | |a Novela Norteamericana | ||
| 650 | |a Literatura Norteamericana - |y Siglo XX | ||
| 650 | |a Literatura de Mujeres - |z EUA | ||
| 910 | |a Fondo General | ||
| 920 | |a Impresos - Libros | ||
| 930 | |a Colección General | ||
| 940 | |a Literatura | ||
| 905 | |a 101 | ||
| 901 | |a 0500134083 |b IT1 |c LIT |i D |u 20250521 | ||
| 902 | |a https://opac.biblio.iteso.mx/vufind/Record/000190920 | ||